Constitution history of India. : (Record no. 638)

MARC details
000 -LEADER
fixed length control field 00544cam a2200193ua 4500
001 - CONTROL NUMBER
control field 711
005 - DATE AND TIME OF LATEST TRANSACTION
control field 20260515113220.0
008 - FIXED-LENGTH DATA ELEMENTS--GENERAL INFORMATION
fixed length control field 110413n ii |||gr||||Z||||||eng
040 ## - CATALOGING SOURCE
Transcribing agency MAIN
082 ## - DEWEY DECIMAL CLASSIFICATION NUMBER
Classification number 342.0290954
245 ## - TITLE STATEMENT
Title Constitution history of India. :
Remainder of title Indian constitution. /
Statement of responsibility, etc. By Vishnoo Bhagwan.
250 ## - EDITION STATEMENT
Edition statement 4th.
260 ## - PUBLICATION, DISTRIBUTION, ETC.
Place of publication, distribution, etc. Delhi.:
Name of publisher, distributor, etc. Atma Ram & sons.,974.
300 ## - PHYSICAL DESCRIPTION
Extent ix, 415 p.:
Dimensions 20 cm.
653 ## - INDEX TERM--UNCONTROLLED
Uncontrolled term Political science.
653 ## - INDEX TERM--UNCONTROLLED
Uncontrolled term Constitutional history of India.
700 ## - ADDED ENTRY--PERSONAL NAME
Personal name Bhagwan, Vishnoo.,
Relator term author.,
942 ## - ADDED ENTRY ELEMENTS (KOHA)
Koha item type Books
Holdings
Withdrawn status Lost status Damaged status Not for loan Home library Current library Shelving location Date acquired Total checkouts Full call number Barcode Date last seen Copy number Price effective from Koha item type
        Naharkatiya College Library Naharkatiya College Library General stacks 09/19/2020   342.0290954 | BHA 23 09/19/2020 2 09/19/2020 Books
        Naharkatiya College Library Naharkatiya College Library General stacks 09/19/2020   342.0290954 | BHA 25 09/19/2020 1 09/19/2020 Books